00620 2200217 4500001002100000005001500021035002000036008004100056041000700097082001400104090002000118100002000138700001200158700001900170245005900189260007100248084002000319300002600339650000900365856002800374INLIS00000000000529620221214071823 a0010-0120005296221214 | | ind  aid a633.18.03 a633.18.03 ZAI P1 aZAINI, Zulkifli0 aDiah WS0 aMahyuddin Syam1 aPetunjuk Lapang Pengelolaan Tanaman Terpadu Padi Sawah aBogor :bBalai Pengkajian Teknologi Pertanian Sumatra Utara,c2004 a633.18.03 ZAI p a57p. :bilus ;c22 cm 4apadi aPerpustakaan BPTP Jatim